東京/羽田空港から直航便のある空港 - Statistics

General Stats
  • This quiz has been taken 281 times
    279 since last reset
  • The average score is 65 of 103
Answer Stats
Hint Answer % Correct
北海道 新千歳
100%
北海道 函館
97%
北海道 稚内
93%
東北 青森
93%
関西 大阪国際
92%
東北 秋田
91%
関西 関西国際
91%
九州・沖縄 那覇
90%
北海道 釧路
89%
北海道 旭川
89%
九州・沖縄 福岡
89%
九州・沖縄 熊本
89%
関西 神戸
88%
四国 高松
88%
九州・沖縄 鹿児島
88%
東北 山形
87%
四国 高知
87%
四国 松山
87%
四国 徳島
87%
山陽・山陰 広島
87%
九州・沖縄 長崎
87%
北海道 帯広
86%
東海・北陸 中部
86%
山陽・山陰 岡山
86%
九州・沖縄 佐賀
86%
九州・沖縄 大分
86%
九州・沖縄 宮崎
86%
山陽・山陰 鳥取
85%
東海・北陸 富山
84%
九州・沖縄 北九州
84%
九州・沖縄 石垣
83%
北海道 女満別
82%
東海・北陸 小松
82%
山陽・山陰 出雲
82%
山陽・山陰 米子
80%
九州・沖縄 奄美
77%
東北 三沢
76%
山陽・山陰 山口宇部
76%
韓国 仁川
76%
関西 南紀白浜
75%
山陽・山陰 岩国
74%
北米 ニューヨーク・JFK
74%
東海・北陸 能登
73%
九州・沖縄 宮古
72%
北海道 中標津
71%
東北 庄内
71%
欧州 パリ
70%
欧州 ロンドン
70%
オセアニア シドニー
68%
東南アジア バンコク
67%
北米 ロサンゼルス
67%
東北 大館能代
65%
関東 八丈島
65%
山陽・山陰 石見
65%
北海道 紋別
64%
東南アジア シンガポール
64%
太平洋 ホノルル
64%
中国・台湾 香港
61%
中東 ドバイ
61%
東南アジア ハノイ
60%
南アジア デリー
60%
東南アジア ホーチミン
59%
東南アジア クアラルンプール
59%
北米 サンフランシスコ
59%
東南アジア ジャカルタ
57%
欧州 ローマ
57%
中国・台湾 台北桃園
55%
東南アジア マニラ
54%
太平洋 グアム
54%
北米 バンクーバー
54%
北米 ワシントン
54%
北米 シアトル
52%
韓国 金浦
51%
北米 シカゴ
49%
欧州 フランクフルト
49%
北米 トロント
47%
欧州 ヘルシンキ
47%
中東 ドーハ
44%
中国・台湾 大連
43%
欧州 イスタンブール
43%
欧州 ミュンヘン
43%
九州・沖縄 下地島
42%
北米 ダラス
42%
欧州 ミラノ
42%
中国・台湾 広州
41%
中国・台湾 北京首都
39%
北米 ヒューストン
38%
北米 デトロイト
36%
欧州 コペンハーゲン
36%
欧州 ウィーン
36%
中国・台湾 上海浦東
35%
中国・台湾 天津
33%
中国・台湾 深圳
33%
中国・台湾 台北松山
32%
北米 アトランタ
30%
中国・台湾 青島
29%
北米 ニューアーク
24%
オセアニア ケアンズ
23%
太平洋 コナ
19%
東南アジア ダナン
18%
北米 ミネアポリス
17%
中国・台湾 北京大興
16%
中国・台湾 上海虹橋
2%
No matching quizzes found
Score Distribution
Percent of People with Each Score
Percentile by Number Answered
Your Score History
You have not taken this quiz since the last reset